| 000 | 00591nam a2200157 a 4500 | ||
|---|---|---|---|
| 008 | 091208s1994 ||||||||||||||||| || u | ||
| 050 | _aPAPERS/STAFF | ||
| 100 | _aChunda, E | ||
| 245 | 1 | 4 | _aThe role of educationist in combating alcoholism and drug abuse |
| 260 |
_aKitwe _bCopperbelt University _c1994 |
||
| 350 | _a0.00 | ||
| 650 | _aHEALTH | ||
| 650 | _aDRUG ABUSE | ||
| 650 | _aALCOHOL DRINKING--ADVERSE EFFECTS--ZAMBIA | ||
| 995 |
_D0.00 _FCBU-MAIN LIBRARY (Kitwe) _H1 _I0.00 _M1 _UAVAILABLE _WDec 8, 2009 _ZUniversity Collection |
||
| 999 |
_c56661 _d56661 |
||